000 00628nam a2200229 i 4500
001 C2-0240266
003 PPAK
005 20180727202951.0
008 020721s1963 io |||| ||||| | may d
040 _aPPAK
_beng
_cPPAK
_erda
082 0 4 _a899.2405
_223
090 0 0 _a899.2405
_bNAS
_dKAM
100 1 _aNasution, J. U.,
_eauthor
245 1 0 _aPudjangga Sanusi Pane
264 1 _aJakarta, Indonesia :
_bP.T. Gunung Agung ,
_c1963
300 _a131 pages ;
_c21 cm
336 _2rdacontent
_atext
337 _2rdamedia
_aunmediated
338 _2rdacarrier
_avolume
650 1 0 _aPane, Sanusi, 1905-1968.
942 _ddc
_cB
999 _c55486
_d55486